00523nam a2200121 a 450000100100000000500170001000800410002704000250006811000790009324501240017226000640029630000410036000003338620200930070225.0110825s1928 dr acd 000 0 spa d aDO-SdBNPbspacBNPHU1 aRepública DominicanabSecretaría de Estado de Fomento y Comunicaciones10aMemoria correspondiente al año 1927 que al ciudadano presidente de la República presenta el Sr. Andrés Pastoriza. cSanto Domingo :bImprenta Viuda García, Sucesores,c1928. av. :bil., gráf., retrs. ;c29 cm.